[Event "Buenos Aires Duchamp Boca op 3rd"]
[Site "Buenos Aires"]
[Date "2013.06.29"]
[Round "9"]
[White "Lopez, Cesar"]
[Black "Pernas, Agustin Baltazar"]
[Result "0-1"]
[WhiteElo "1644"]
[BlackElo "1888"]
[PlyCount "84"]
[EventDate "2013.06.20"]
[EventType "swiss"]
[EventRounds "9"]
[EventCountry "ARG"]
[SourceTitle "CBM 155 Extra"]
[Source "ChessBase"]
[SourceDate "2013.08.26"]
[SourceVersion "1"]
[SourceVersionDate "2013.08.26"]
[SourceQuality "1"]

1. d4 d5 2. Nf3 Nf6 3. Bf4 e6 4. e3 c5 5. c3 Bd6 6. Ne5 Nc6 7. Bb5 Qb6 8. Qa4 Bxe5 9. Bxe5 Nd7 10. Bd6 Nxd4 11. cxd4 Qxd6 12. dxc5 Qxc5 13. Nd2 a6 14. Be2 0-0 15. Nb3 Qc2 16. Qd4 e5 17. Qxd5 Qxb2 18. Qd1 Nc5 19. 0-0 Nxb3 20. axb3 Bf5 21. Bc4 g6 22. f3 b5 23. Bd5 Rac8 24. Rf2 Bc2 25. Rxa6 Qc3 26. Qd2 Bxb3 27. Qxc3 Rxc3 28. e4 Bc4 29. Rd2 Rb8 30. Ra7 Bxd5 31. Rxd5 b4 32. Rdd7 b3 33. Rab7 Rxb7 34. Rxb7 Kg7 35. h4 h5 36. Kh2 Kf6 37. Rb6+ Ke7 38. Rb7+ Ke6 39. Rb6+ Kd7 40. Rb7+ Kc6 41. Rb4 Kc5 42. Rb7 Kc4 0-1

[Event "Buenos Aires Duchamp Boca op 3rd"]
[Site "Buenos Aires"]
[Date "2013.06.23"]
[Round "3"]
[White "Epelboim, Matias"]
[Black "Lopez, Cesar"]
[Result "1/2-1/2"]
[WhiteElo "1930"]
[BlackElo "1644"]
[PlyCount "72"]
[EventDate "2013.06.20"]
[EventType "swiss"]
[EventRounds "9"]
[EventCountry "ARG"]
[SourceTitle "CBM 155 Extra"]
[Source "ChessBase"]
[SourceDate "2013.08.26"]
[SourceVersion "1"]
[SourceVersionDate "2013.08.26"]
[SourceQuality "1"]

1. e4 e6 2. d4 d5 3. Nd2 Nf6 4. e5 Nfd7 5. c3 c5 6. Bd3 Nc6 7. Ne2 Qb6 8. Nf3 cxd4 9. cxd4 Bb4+ 10. Bd2 Bxd2+ 11. Qxd2 Qb4 12. 0-0 Qxd2 13. Nxd2 Nb4 14. Bb1 b6 15. Rc1 Ba6 16. Nf4 Rc8 17. Rxc8+ Bxc8 18. a3 Nc6 19. Nf3 Ba6 20. Ba2 Ke7 21. Rc1 Rc8 22. Rc3 h6 23. h4 b5 24. Bb1 Nb6 25. Bd3 Na5 26. Rxc8 Nxc8 27. a4 Nc4 28. axb5 Bxb5 29. b3 Na3 30. Bxb5 Nxb5 31. Kf1 a5 32. Ke1 Nca7 33. Kd2 Nc6 34. Kd3 Nb4+ 35. Kd2 Na3 36. Kc3 Nb5+ 1/2-1/2

[Event "Montreal Mercredi 05"]
[Site "Montreal"]
[Date "2013.05.15"]
[Round "1"]
[White "Lopez, Cesar"]
[Black "Gauthier, Luc"]
[Result "1-0"]
[WhiteElo "1784"]
[BlackElo "1760"]
[PlyCount "51"]
[EventDate "2013.05.15"]
[EventType "swiss"]
[EventRounds "5"]
[EventCountry "CAN"]
[SourceTitle "EXT 2014"]
[Source "ChessBase"]
[SourceDate "2013.11.20"]
[SourceVersion "1"]
[SourceVersionDate "2013.11.20"]
[SourceQuality "1"]

1. d4 d5 2. c4 Nc6 3. Nf3 Bg4 4. e3 e6 5. Nc3 Bb4 6. a3 Bxc3+ 7. bxc3 Nf6 8. cxd5 exd5 9. Be2 0-0 10. 0-0 Re8 11. c4 Ne7 12. a4 c6 13. Ba3 Ng6 14. Rb1 Rb8 15. h3 Bf5 16. Bd3 Bxd3 17. Qxd3 Ne4 18. Rb2 Nh4 19. Rfb1 Nxf3+ 20. gxf3 Ng5 21. f4 Nxh3+ 22. Kg2 Qh4 23. Qf5 Nxf2 24. Rxb7 Rxb7 25. Rxb7 Ng4 26. Qxf7+ 1-0